Library Banner

Corporate governance and accountability (Record no. 74317)

MARC details
000 -LEADER
fixed length control field 00478nam a2200181Ia 4500
001 - CONTROL NUMBER
control field 68285
008 - FIXED-LENGTH DATA ELEMENTS--GENERAL INFORMATION
fixed length control field 150819s9999 xx 000 0 und d
020 ## - INTERNATIONAL STANDARD BOOK NUMBER
International Standard Book Number 97893511123033
040 ## - CATALOGING SOURCE
Transcribing agency PK-LaUMT
082 ## - DEWEY DECIMAL CLASSIFICATION NUMBER
Classification number 658.408
Item number SHA-C
100 ## - MAIN ENTRY--PERSONAL NAME
Personal name Sharma, Sandeep
245 ## - TITLE STATEMENT
Title Corporate governance and accountability
Statement of responsibility, etc Sharma, Sandeep
260 ## - PUBLICATION, DISTRIBUTION, ETC. (IMPRINT)
Place of publication, distribution, etc New Delhi, India:
Name of publisher, distributor, etc Rajat Publications,
Date of publication, distribution, etc 2014
300 ## - PHYSICAL DESCRIPTION
Extent 291 p.
546 ## - LANGUAGE NOTE
Language note EN
650 ## - SUBJECT ADDED ENTRY--TOPICAL TERM
Topical term or geographic name as entry element Corporate governance
942 ## - ADDED ENTRY ELEMENTS (KOHA)
Koha item type Books
Holdings
Withdrawn status Lost status Damaged status Not for loan Home library Current library Date acquired Total Checkouts Full call number Barcode Date last seen Price effective from Koha item type
        UMT Main Campus UMT Main Campus 2015-08-19   658.408 SHA-C 93520 2015-08-19 2015-08-19 Books